Bible Books in Handel's Messiah Quiz Stats

 Plays Quiz Updated Dec 18, 2015

Challenge
Share
Tweet
Embed
Score 0/14 Timer 03:00
1 Play Today
Book % Correct
John
92.1%
Luke
90.4%
Matthew
89.4%
Psalms
74.2%
Revelation
73%
Isaiah
68.1%
Romans
62.5%
Book % Correct
Job
54.1%
1 Corinthians
38.2%
Hebrews
37.3%
Malachi
32.5%
Lamentations
31.2%
Zechariah
24%
Haggai
20.3%

You're not logged in!

Compare scores with friends on all Sporcle quizzes.
OR
Log In

You Might Also Like...

Show Comments

Extras

Top Quizzes Today


Score Distribution

Your Account Isn't Verified!

In order to create a playlist on Sporcle, you need to verify the email address you used during registration. Go to your Sporcle Settings to finish the process.

Report this User

Report this user for behavior that violates our Community Guidelines.

Details: